[Event "II Open A"]
[Site "Pedavena ITA"]
[Date "2006.08.03"]
[Round "4"]
[White "Occari, Maurizio"]
[Black "Bini, Alessandro"]
[Result "1-0"]
[WhiteElo "2082"]
[BlackElo "1877"]
[PlyCount "65"]
[EventDate "2006.08.01"]

1. e4 Nc6 2. d4 d6 3. Nc3 Nf6 4. Be3 e5 5. d5 Nb8 6. f3 Be7 7. Qd2 b6 8. Bb5+
Bd7 9. Nge2 a6 10. Bd3 O-O 11. g4 c5 12. dxc6 Bxc6 13. Bc4 b5 14. Bb3 b4 15.
Nd5 Nxd5 16. Bxd5 a5 17. Ng3 Re8 18. Nf5 Bf8 19. h4 Qc7 20. O-O-O Na6 21. g5
Bxd5 22. Qxd5 Rac8 23. Rh2 Re6 24. h5 Qc4 25. Rhd2 Qc7 26. g6 hxg6 27. hxg6
Rxg6 28. Rh1 Qc4 29. Rdh2 Rh6 30. Bxh6 Qxd5 31. Bxg7 f6 32. Rh8+ Kf7 33. exd5
1-0

[Event "II Open A"]
[Site "Pedavena ITA"]
[Date "2006.08.03"]
[Round "4"]
[White "Okhotnik, Vladimir"]
[Black "Verducci, Gianni"]
[Result "1/2-1/2"]
[WhiteElo "2485"]
[BlackElo "2065"]
[PlyCount "142"]
[EventDate "2006.08.01"]

1. e4 e6 2. d4 d5 3. exd5 exd5 4. c4 Nf6 5. Nc3 Be7 6. cxd5 Nxd5 7. Bd3 Nc6 8.
Nf3 Bg4 9. O-O Qd7 10. h3 Bh5 11. Bc4 Nf6 12. Bf4 O-O 13. d5 Bxf3 14. Qxf3 Nd4
15. Qd3 Nf5 16. Be5 Qc8 17. Bxc7 a6 18. Ba5 Bd6 19. Bb6 Ne7 20. Bb3 Qf5 21.
Qxf5 Nxf5 22. Rad1 Rfe8 23. Ba4 Re7 24. Rfe1 Rxe1+ 25. Rxe1 Bb4 26. Rd1 Nd6 27.
Bd4 b5 28. Bb3 Rc8 29. a3 Bc5 30. Bxf6 gxf6 31. Kf1 Kf8 32. Rd3 Ke7 33. Nd1 a5
34. Ne3 Ne4 35. Nf5+ Kd7 36. f3 Nd6 37. Ng3 f5 38. a4 b4 39. Nh5 Ke7 40. Ke1
Rg8 41. Rd2 Rg5 42. Re2+ Kf8 43. Nf6 Kg7 44. h4 Rg6 45. Nh5+ Kf8 46. Nf4 Rh6
47. h5 Bd4 48. g4 fxg4 49. fxg4 Nb7 50. g5 Rd6 51. Bc2 h6 52. gxh6 Rxh6 53. Bd1
Nd6 54. Rc2 Rf6 55. Nd3 Rf5 56. Rc6 Ke7 57. Rc7+ Kf6 58. Rd7 Nc4 59. d6 Nxb2
60. Nxb2 Bxb2 61. Bb3 Rxh5 62. Rxf7+ Ke5 63. d7 Rh8 64. Bc4 Kd6 65. Ke2 Rd8 66.
Bb5 Kc5 67. Rf3 Bd4 68. Rf5+ Kd6 69. Kd3 Bb6 70. Rf6+ Kc7 71. Kc4 71... Kb7 {
...} 1/2-1/2

[Event "II Open A"]
[Site "Pedavena ITA"]
[Date "2006.08.03"]
[Round "4"]
[White "Paltrinieri, Nicholas"]
[Black "De Nardi, Riccardo"]
[Result "1/2-1/2"]
[WhiteElo "1817"]
[BlackElo "1973"]
[PlyCount "62"]
[EventDate "2006.08.01"]

1. f4 d5 2. e3 Nc6 3. Bb5 Bd7 4. Nf3 e6 5. b3 Bd6 6. Bb2 Nf6 7. O-O O-O 8. Qe2
a6 9. Bxc6 Bxc6 10. d3 Qe7 11. Nbd2 b5 12. Ne5 Bb7 13. e4 Bxe5 14. Bxe5 Nd7 15.
Bb2 Rfd8 16. Kh1 dxe4 17. Nxe4 Bxe4 18. dxe4 Nb6 19. Rad1 Rxd1 20. Rxd1 Rd8 21.
g3 Rxd1+ 22. Qxd1 Qd7 23. Qd4 Qxd4 24. Bxd4 Nd7 25. c4 c5 26. Bb2 bxc4 27. bxc4
f6 28. Kg2 Kf7 29. Kf3 Ke7 30. Ke3 Kd6 31. Kd3 e5 1/2-1/2

[Event "II Open A"]
[Site "Pedavena ITA"]
[Date "2006.08.03"]
[Round "4"]
[White "Pasquali, Andrea"]
[Black "Hutzheimer, Alfred"]
[Result "0-1"]
[WhiteElo "1642"]
[BlackElo "2146"]
[PlyCount "98"]
[EventDate "2006.08.01"]

1. b4 d5 2. Bb2 Bf5 3. e3 Nf6 4. Nf3 Nbd7 5. Be2 e6 6. a3 Bd6 7. d3 c5 8. b5
Qc7 9. Nbd2 Rc8 10. O-O Rg8 11. Re1 g5 12. g3 h5 13. Bf1 h4 14. e4 Bg4 15. exd5
Nxd5 16. Ne4 Be7 17. Bg2 hxg3 18. fxg3 c4 19. d4 N7f6 20. Qe2 Nxe4 21. Qxe4 Bf5
22. Qe2 c3 23. Bc1 Qc4 24. Qf2 Qxb5 25. a4 Qb6 26. Bxg5 Qd6 27. Bxe7 Nxe7 28.
Nh4 Bh7 29. d5 Nxd5 30. Rad1 Rc5 31. Nf5 Bxf5 32. Qxf5 Ne7 33. Qf2 Qb6 34. Bxb7
Rgg5 35. Qd4 Rc4 36. Qxb6 axb6 37. Ra1 Ra5 38. Re3 Nf5 39. Rd3 Ke7 40. Kf2 Nd4
41. Ra2 b5 42. Be4 Raxa4 43. Rxa4 bxa4 44. Rd1 f5 45. Bg2 Nxc2 46. Rc1 Nb4 47.
Ke2 a3 48. Bf1 a2 49. Ke1 Rc5 0-1

[Event "II Open A"]
[Site "Pedavena ITA"]
[Date "2006.08.03"]
[Round "4"]
[White "Pojer, Romeo"]
[Black "Castellano, Alfonso"]
[Result "1-0"]
[WhiteElo "2159"]
[BlackElo "1944"]
[PlyCount "47"]
[EventDate "2006.08.01"]

1. e4 c5 2. Nf3 d6 3. d4 cxd4 4. Nxd4 Nf6 5. Nc3 a6 6. Bc4 e6 7. Bb3 Be7 8. Qe2
Qc7 9. Be3 b5 10. a3 Bb7 11. Bg5 Nbd7 12. f4 Nc5 13. O-O Nxb3 14. Nxb3 O-O 15.
Rf3 Rac8 16. Rd1 Kh8 17. Rfd3 Rfd8 18. Rh3 Rg8 19. e5 dxe5 20. fxe5 Qc4 21.
Rdd3 Ba8 22. exf6 gxf6 23. Rxh7+ Kxh7 24. Qh5+ 1-0

[Event "II Open A"]
[Site "Pedavena ITA"]
[Date "2006.08.03"]
[Round "4"]
[White "Pomaro, Alberto"]
[Black "Genocchio, Daniele"]
[Result "0-1"]
[WhiteElo "2046"]
[BlackElo "2345"]
[PlyCount "75"]
[EventDate "2006.08.01"]

1. d4 d6 2. c4 g6 3. g3 Bg7 4. Bg2 Nf6 5. Nf3 O-O 6. Nc3 c6 7. O-O Nbd7 8. e4
e5 9. d5 cxd5 10. cxd5 a6 11. a4 Nc5 12. Qc2 Qc7 13. Nd2 Bd7 14. b3 Rac8 15.
Bb2 b5 16. axb5 axb5 17. Na2 Qb6 18. Bc3 Ng4 19. h3 Nh6 20. Nb4 f5 21. Kh2 fxe4
22. Nxe4 Bf5 23. f3 Bd7 24. Qb2 Nf5 25. Nxc5 Rxc5 26. Ra6 Qd8 27. Nd3 Rxc3 28.
Qxc3 e4 29. Qd2 exd3 30. Qxd3 b4 31. Ra2 Re8 32. Re2 Rxe2 33. Qxe2 Qg5 34. Qe1
Bc3 35. Qf2 Bd4 36. Qe1 Ne3 37. Rf2 Qe7 38. Re2 0-1

[Event "II Open A"]
[Site "Pedavena ITA"]
[Date "2006.08.03"]
[Round "4"]
[White "Reginato, Mauro"]
[Black "Bini, Lorenzo"]
[Result "1/2-1/2"]
[WhiteElo "1823"]
[BlackElo "2039"]
[PlyCount "40"]
[EventDate "2006.08.01"]

1. e4 b6 2. d4 Bb7 3. Bd3 Nf6 4. f3 e6 5. Ne2 d5 6. Ng3 h6 7. Be3 c5 8. c3 Be7
9. Nd2 h5 10. Qe2 h4 11. Ngf1 Qc7 12. e5 Nfd7 13. f4 g6 14. Nf3 Nc6 15. h3 a6
16. N1h2 b5 17. Ng4 cxd4 18. cxd4 Nb4 19. Kf2 Nxd3+ 20. Qxd3 Qc4 1/2-1/2

[Event "II Open A"]
[Site "Pedavena ITA"]
[Date "2006.08.03"]
[Round "4"]
[White "Rezzuti, Vincenzo"]
[Black "Pompili, Alberto"]
[Result "1/2-1/2"]
[WhiteElo "2045"]
[BlackElo "1822"]
[PlyCount "42"]
[EventDate "2006.08.01"]

1. e4 e6 2. d4 d5 3. e5 c5 4. c3 Qb6 5. Nf3 Nc6 6. a3 cxd4 7. cxd4 a5 8. Bd3
Bd7 9. Bc2 Nge7 10. Nc3 Ng6 11. O-O Be7 12. Be3 f5 13. exf6 gxf6 14. Re1 Kf7
15. Qd2 Rhg8 16. Na4 Qc7 17. g3 h5 18. Bxg6+ Rxg6 19. Nh4 Rg4 20. Rac1 Qd8 21.
Nc5 Bxc5 1/2-1/2

[Event "II Open A"]
[Site "Pedavena ITA"]
[Date "2006.08.03"]
[Round "4"]
[White "Ricci, Alfredo"]
[Black "Santi, Andrea"]
[Result "0-1"]
[WhiteElo "2036"]
[BlackElo "1848"]
[PlyCount "86"]
[EventDate "2006.08.01"]

1. e4 g6 2. d4 Bg7 3. Nc3 d6 4. f4 c6 5. Nf3 Nf6 6. Be2 O-O 7. O-O b6 8. e5 Ne8
9. Be3 Nc7 10. Qe1 f6 11. Rd1 Be6 12. Qg3 Nd7 13. Ne4 d5 14. Nf2 Kh8 15. Nh4 f5
16. Nh3 Bf7 17. Ng5 Ne6 18. Nxf7+ Rxf7 19. Nxg6+ hxg6 20. Qxg6 Qe8 21. Qxe6 Nf8
22. Qxf7 Qxf7 23. g4 fxg4 24. Bxg4 Bh6 25. Rf3 Nh7 26. Rdf1 Rg8 27. Rg3 Nf8 28.
Kg2 Rg7 29. Kf3 Ne6 30. Ke2 Qg8 31. Bxe6 Qxe6 32. f5 Qf7 33. Rh3 Rh7 34. Bg1
Bf8 35. Rhf3 Qh5 36. Kd3 Qg4 37. Rg3 Qe4+ 38. Kc3 Qe2 39. Rff3 Qc4+ 40. Kd2
Bh6+ 41. Kd1 Qb4 42. c3 Qxb2 43. f6 Qd2# 0-1

[Event "II Open A"]
[Site "Pedavena ITA"]
[Date "2006.08.03"]
[Round "4"]
[White "Rossi, Gianni"]
[Black "Naumkin, Igor"]
[Result "0-1"]
[WhiteElo "2105"]
[BlackElo "2430"]
[PlyCount "38"]
[EventDate "2006.08.01"]

1. d4 e6 2. e4 d5 3. Be3 dxe4 4. Nd2 Nf6 5. f3 Nd5 6. Qe2 exf3 7. Ngxf3 Nd7 8.
O-O-O c5 9. Nc4 Be7 10. h4 O-O 11. g4 b5 12. Nce5 Nxe5 13. Nxe5 Nxe3 14. Qxe3
Qd5 15. Be2 cxd4 16. Qf4 Bd6 17. Bf3 Bxe5 18. Bxd5 Bxf4+ 19. Kb1 exd5 0-1

[Event "II Open A"]
[Site "Pedavena ITA"]
[Date "2006.08.03"]
[Round "4"]
[White "Savarese, Vincenzo"]
[Black "Barro, Francesco"]
[Result "1/2-1/2"]
[WhiteElo "1859"]
[BlackElo "2022"]
[PlyCount "45"]
[EventDate "2006.08.01"]

1. e4 e5 2. Nf3 Nf6 3. Nxe5 d6 4. Nf3 Nxe4 5. d4 d5 6. Bd3 Be7 7. O-O Nc6 8.
Re1 Nf6 9. c4 Bg4 10. Nc3 Nxd4 11. cxd5 Bxf3 12. gxf3 Qd7 13. Bf1 Nf5 14. Bb5
c6 15. dxc6 bxc6 16. Qxd7+ Kxd7 17. Rd1+ Kc7 18. Bc4 Bd6 19. Ne4 Be5 20. Bd2 a5
21. Bc3 Bxc3 22. Nxc3 Nd6 23. Bf1 1/2-1/2

[Event "II Open A"]
[Site "Pedavena ITA"]
[Date "2006.08.03"]
[Round "4"]
[White "Stiz, Massimiliano"]
[Black "Carlassara, Renato"]
[Result "1-0"]
[WhiteElo "2101"]
[BlackElo "1850"]
[PlyCount "45"]
[EventDate "2006.08.01"]

1. e4 e5 2. Nc3 Nf6 3. g3 d5 4. exd5 Nxd5 5. Bg2 Nxc3 6. bxc3 Nc6 7. d3 Bc5 8.
Be3 Qe7 9. Ne2 O-O 10. O-O Bg4 11. Qd2 f5 12. Rae1 Bb6 13. f4 e4 14. Nd4 Nxd4
15. Bxd4 Rad8 16. Qe3 Bxd4 17. cxd4 Qd6 18. dxe4 fxe4 19. c3 Rfe8 20. Bxe4 Bh3
21. Rf2 Qe6 22. Qd3 Bg4 23. Bxh7+ 1-0

[Event "II Open A"]
[Site "Pedavena ITA"]
[Date "2006.08.03"]
[Round "4"]
[White "Tiengo, Davide"]
[Black "Dussin, Davide"]
[Result "1-0"]
[WhiteElo "2091"]
[BlackElo "1823"]
[PlyCount "47"]
[EventDate "2006.08.01"]

1. d4 Nf6 2. c4 g6 3. Nc3 Bg7 4. Bg5 d6 5. Qd2 O-O 6. Bh6 Nbd7 7. Bxg7 Kxg7 8.
e3 c5 9. d5 Ne5 10. f4 Neg4 11. h3 Nh6 12. g4 Ne8 13. O-O-O e6 14. e4 exd5 15.
exd5 Nxg4 16. hxg4 Bxg4 17. Be2 Nf6 18. Bxg4 Nxg4 19. Nf3 Re8 20. Rdg1 h5 21.
Nh2 f5 22. Nxg4 hxg4 23. Nb5 Re4 24. Qc3+ 1-0

[Event "II Open A"]
[Site "Pedavena ITA"]
[Date "2006.08.03"]
[Round "4"]
[White "Tomelleri, Alessio"]
[Black "Forato, Sergio Paolo"]
[Result "0-1"]
[WhiteElo "1972"]
[BlackElo "1748"]
[PlyCount "54"]
[EventDate "2006.08.01"]

1. e4 c5 2. Nc3 Nc6 3. f4 g6 4. Nf3 Bg7 5. Bc4 e6 6. O-O Nge7 7. d3 O-O 8. Bb3
d5 9. Qe1 d4 10. Ne2 Na5 11. Bd2 Nxb3 12. axb3 b6 13. g4 Bb7 14. Ng3 f5 15. h3
a5 16. Ng5 Qd7 17. Qe2 h6 18. Nf3 Rf7 19. Ne5 Bxe5 20. fxe5 Kg7 21. exf5 gxf5
22. gxf5 Nxf5 23. Nh5+ Kh8 24. Kh2 Raf8 25. Nf6 Qc6 26. Rg1 Rxf6 27. exf6 Qd6+
0-1

[Event "II Open A"]
[Site "Pedavena ITA"]
[Date "2006.08.03"]
[Round "4"]
[White "Zulian, Stefano"]
[Black "Pedrazzi, Giuseppe"]
[Result "1/2-1/2"]
[WhiteElo "1889"]
[BlackElo "1835"]
[PlyCount "71"]
[EventDate "2006.08.01"]

1. c4 c6 2. Nc3 d5 3. cxd5 cxd5 4. d4 Nf6 5. g3 Nc6 6. Bg2 Bf5 7. Nh3 e6 8. a3
Be7 9. b4 O-O 10. O-O Rc8 11. Bb2 Qd7 12. Nf4 Ne4 13. Nxe4 Bxe4 14. Bxe4 dxe4
15. Qb3 g5 16. d5 gxf4 17. gxf4 Qxd5 18. Qg3+ Bg5 19. Bf6 Nd4 20. Rae1 Rc3 21.
e3 Nf3+ 22. Kh1 Rd3 23. Rg1 Qf5 24. Bxg5 Nxg5 25. Qh4 f6 26. Rc1 Rd7 27. Rc5
Rd5 28. Qh5 Rxc5 29. bxc5 Kh8 30. fxg5 fxg5 31. Qxg5 Qxg5 32. Rxg5 Rxf2 33. Re5
Rc2 34. Rxe6 Rxc5 35. Rxe4 Rc7 36. Kg2 1/2-1/2

[Event "II Open A"]
[Site "Pedavena ITA"]
[Date "2006.08.04"]
[Round "5"]
[White "Barlocco, Carlo"]
[Black "Occari, Maurizio"]
[Result "1-0"]
[WhiteElo "2183"]
[BlackElo "2082"]
[PlyCount "127"]
[EventDate "2006.08.01"]

1. Nc3 g6 2. e4 Bg7 3. d4 d6 4. Bg5 c6 5. Qd2 Nf6 6. O-O-O O-O 7. Bh6 b5 8. f3
Nbd7 9. e5 b4 10. Bxg7 bxc3 11. Qxc3 Kxg7 12. Qxc6 Rb8 13. exf6+ Nxf6 14. Qa4
Qb6 15. Qa3 Be6 16. Ne2 Nd5 17. Nc3 Ne3 18. Na4 Qc6 19. Qxe3 Qxa4 20. d5 Rfc8
21. Qd4+ Qxd4 22. Rxd4 Bf5 23. Bd3 Bxd3 24. Rxd3 Rc5 25. Re1 Kf6 26. Re4 Rbb5
27. c4 Rb4 28. b3 a5 29. a3 Rb6 30. Rde3 Rb7 31. Kc2 Rbc7 32. Kd3 Rb7 33. Kc3
Rbc7 34. Rf4+ Kg7 35. Rd4 Ra7 36. Re2 Rc8 37. Rb2 Kf8 38. Rd3 Rac7 39. Kd4 e5+
40. dxe6 fxe6 41. Rc3 e5+ 42. Ke4 Ke7 43. f4 exf4 44. Kxf4 a4 45. Ke4 axb3 46.
Kd4 Ra8 47. Rbxb3 Rca7 48. Rf3 Kd7 49. Rf7+ Kc6 50. Rxa7 Rxa7 51. Rh3 Rf7 52.
Rf3 Ra7 53. g4 Ra5 54. h4 Ra7 55. g5 Re7 56. a4 Re1 57. Rf7 Ra1 58. Rxh7 Rxa4
59. Rg7 Ra1 60. Rxg6 Rd1+ 61. Ke4 Rh1 62. Rh6 Rc1 63. g6 Rxc4+ 64. Kf5 1-0

[Event "II Open A"]
[Site "Pedavena ITA"]
[Date "2006.08.04"]
[Round "5"]
[White "Barro, Francesco"]
[Black "De Zaiacomo, Tonino"]
[Result "1-0"]
[WhiteElo "2022"]
[BlackElo "1898"]
[PlyCount "80"]
[EventDate "2006.08.01"]

1. e4 e5 2. Nf3 Nc6 3. Bb5 a6 4. Ba4 Nf6 5. O-O Be7 6. Re1 b5 7. Bb3 O-O 8. h3
Bb7 9. c3 Na5 10. Bc2 d6 11. d4 Nd7 12. Nbd2 c5 13. b4 cxb4 14. cxb4 Nc4 15.
Nxc4 bxc4 16. Bb2 exd4 17. Nxd4 Bf6 18. Rb1 g6 19. Bc3 Re8 20. b5 Nc5 21. Qf3
Bxd4 22. Bxd4 axb5 23. Rxb5 Bc6 24. Rb2 Qa5 25. Bc3 Qd8 26. Bd1 Re6 27. Bc2 d5
28. exd5 Bxd5 29. Qg3 Rxe1+ 30. Bxe1 Ne4 31. Qe5 Qg5 32. Qxg5 Nxg5 33. Rb5 Rxa2
34. Rxd5 Rxc2 35. Rxg5 Kg7 36. Rc5 Rc1 37. Kf1 Kf6 38. Ke2 Ke6 39. Bd2 Rc2 40.
Kd1 Kd6 1-0

[Event "II Open A"]
[Site "Pedavena ITA"]
[Date "2006.08.04"]
[Round "5"]
[White "Binder, Andrea"]
[Black "Guastadini, Paolo"]
[Result "0-1"]
[WhiteElo "1691"]
[BlackElo "2051"]
[PlyCount "78"]
[EventDate "2006.08.01"]

1. Nf3 c6 2. c4 Nf6 3. b3 d5 4. Bb2 Bf5 5. d3 e6 6. g3 Nbd7 7. Bg2 Qc7 8. Nbd2
Bd6 9. O-O O-O 10. Rc1 Qa5 11. e4 dxe4 12. dxe4 Bg6 13. a3 Qc7 14. Qe2 Ng4 15.
b4 e5 16. c5 Be7 17. Nc4 f6 18. Rfd1 Nh6 19. Rd2 Rfd8 20. Rcd1 Nf8 21. Nfxe5
Rxd2 22. Rxd2 fxe5 23. Bxe5 Qc8 24. Nd6 Qe6 25. f4 Bf6 26. Bxf6 Qxf6 27. Nxb7
Qa1+ 28. Qd1 Qxa3 29. e5 Qxb4 30. Bxc6 Rb8 31. Bd5+ Bf7 32. Rd4 Qb2 33. Bxf7+
Nxf7 34. Nd6 Ne6 35. Nxf7 Qxd4+ 36. Qxd4 Nxd4 37. Ng5 a5 38. e6 h6 39. Ne4 Nxe6
0-1

[Event "II Open A"]
[Site "Pedavena ITA"]
[Date "2006.08.04"]
[Round "5"]
[White "Bini, Alessandro"]
[Black "Stiz, Massimiliano"]
[Result "1/2-1/2"]
[WhiteElo "1877"]
[BlackElo "2101"]
[PlyCount "90"]
[EventDate "2006.08.01"]

1. d3 d5 2. Nf3 Nc6 3. Nbd2 e5 4. c3 Nf6 5. Qc2 Bc5 6. e3 Bf5 7. Be2 O-O 8. O-O
a6 9. b4 Bd6 10. Re1 e4 11. Nd4 Nxd4 12. exd4 Re8 13. dxe4 Bxe4 14. Nxe4 Nxe4
15. Bf1 Re6 16. g3 Qf6 17. Bg2 Rae8 18. Be3 c6 19. a4 h5 20. Qd3 h4 21. Bxe4
Rxe4 22. Bd2 hxg3 23. hxg3 Qg6 24. Rxe4 Qxe4 25. Qxe4 Rxe4 26. Kf1 f6 27. f3
Re8 28. Kf2 Kf7 29. Rh1 Bc7 30. Rb1 Bd6 31. Rh1 b6 32. Rb1 a5 33. Re1 Rxe1 34.
Bxe1 c5 35. Ke2 cxb4 36. cxb4 b5 37. axb5 axb4 38. f4 f5 39. Kf3 Kf6 40. Bd2
Kg6 41. g4 fxg4+ 42. Kxg4 Kf6 43. f5 g6 44. Bg5+ Kf7 45. Bd2 Kf6 1/2-1/2

[Event "II Open A"]
[Site "Pedavena ITA"]
[Date "2006.08.04"]
[Round "5"]
[White "Bini, Lorenzo"]
[Black "Pedrazzi, Giuseppe"]
[Result "1-0"]
[WhiteElo "2039"]
[BlackElo "1835"]
[PlyCount "49"]
[EventDate "2006.08.01"]

1. f4 d5 2. b3 Nf6 3. Bb2 c5 4. Nf3 Nc6 5. g3 Bg4 6. Bg2 e6 7. O-O Bxf3 8. Bxf3
Be7 9. e3 O-O 10. d3 Qc7 11. g4 Ne8 12. Qe1 Bf6 13. Nc3 a6 14. g5 Be7 15. Qg3
Rc8 16. Qg2 b5 17. f5 Bd6 18. fxe6 fxe6 19. Bg4 Qd7 20. Rxf8+ Bxf8 21. Nxd5 Rd8
22. Qh3 Nc7 23. Nxc7 Qxc7 24. Bxe6+ Kh8 25. Bf5 1-0

[Event "II Open A"]
[Site "Pedavena ITA"]
[Date "2006.08.04"]
[Round "5"]
[White "Campini, Marco"]
[Black "Savarese, Vincenzo"]
[Result "1-0"]
[WhiteElo "2100"]
[BlackElo "1859"]
[PlyCount "79"]
[EventDate "2006.08.01"]

1. e4 e6 2. d4 d5 3. e5 c5 4. c3 Nc6 5. Nf3 Qb6 6. a3 Bd7 7. b4 cxd4 8. cxd4
Nge7 9. Nc3 Nf5 10. Na4 Qc7 11. Nc5 Bxc5 12. bxc5 Ncxd4 13. Nxd4 Qxe5+ 14. Be3
Nxe3 15. fxe3 Qxe3+ 16. Be2 O-O 17. Qd2 Qxd2+ 18. Kxd2 e5 19. Nb5 Bxb5 20. Bxb5
Rac8 21. Rhc1 a6 22. c6 bxc6 23. Bxa6 Rc7 24. Rc5 Rb8 25. Rac1 Rb2+ 26. R1c2
Rxc2+ 27. Kxc2 Kf8 28. Bb5 Ke7 29. Rxc6 Rxc6+ 30. Bxc6 Kd6 31. Be8 f5 32. a4 g5
33. a5 Kc5 34. Bf7 d4 35. Be6 f4 36. Kd3 Kb5 37. Bg4 Kxa5 38. Ke4 Kb4 39. Kxe5
d3 40. Kf5 1-0

[Event "II Open A"]
[Site "Pedavena ITA"]
[Date "2006.08.04"]
[Round "5"]
[White "Carlassara, Renato"]
[Black "Tomelleri, Alessio"]
[Result "1-0"]
[WhiteElo "1850"]
[BlackElo "1972"]
[PlyCount "67"]
[EventDate "2006.08.01"]

1. e4 e5 2. Nf3 Nf6 3. Nc3 Bb4 4. a3 Bxc3 5. dxc3 d6 6. Bd3 O-O 7. Bg5 h6 8.
Bh4 Be6 9. O-O Nbd7 10. Nd2 c6 11. Kh1 Qb6 12. f4 Ng4 13. f5 Ne3 14. Qc1 Nxf1
15. Nxf1 Rae8 16. b3 Nc5 17. fxe6 Nxe6 18. Qe3 Qxe3 19. Nxe3 Nf4 20. Rd1 Ng6
21. Bg3 Rd8 22. Be2 Rfe8 23. c4 Nf4 24. Bf3 Ne6 25. Nf5 Rd7 26. Rxd6 Red8 27.
Bxe5 Rxd6 28. Nxd6 Ng5 29. Kg1 Kf8 30. Kf2 Ke7 31. Nf5+ Ke6 32. Bxg7 Rd2+ 33.
Ke3 Rxc2 34. Nd4+ 1-0

[Event "II Open A"]
[Site "Pedavena ITA"]
[Date "2006.08.04"]
[Round "5"]
[White "Castellano, Alfonso"]
[Black "Reginato, Mauro"]
[Result "1/2-1/2"]
[WhiteElo "1944"]
[BlackElo "1823"]
[PlyCount "41"]
[EventDate "2006.08.01"]

1. c4 e6 2. g3 d5 3. Bg2 Nf6 4. Nf3 Be7 5. O-O O-O 6. b3 d4 7. d3 c5 8. Na3 Nc6
9. Bb2 e5 10. Nc2 h6 11. e3 Bg4 12. Qd2 Qd7 13. exd4 exd4 14. Rfe1 Bh3 15. Bh1
Bd6 16. b4 Rab8 17. bxc5 Bxc5 18. Ne5 Qd6 19. Nf3 b5 20. cxb5 Rxb5 21. Bc1
1/2-1/2

[Event "II Open A"]
[Site "Pedavena ITA"]
[Date "2006.08.04"]
[Round "5"]
[White "Cortina, Federico"]
[Black "Biancotti, Alessandro"]
[Result "1-0"]
[WhiteElo "1907"]
[BlackElo "1678"]
[PlyCount "87"]
[EventDate "2006.08.01"]

1. d4 e6 2. e4 c5 3. Nf3 cxd4 4. Nxd4 Nc6 5. Nc3 Bb4 6. Ndb5 a6 7. Nd6+ Bxd6 8.
Qxd6 Qe7 9. Qd3 Nf6 10. Bf4 d5 11. exd5 Nxd5 12. Nxd5 exd5+ 13. Qe2 Qxe2+ 14.
Bxe2 O-O 15. O-O-O Be6 16. Bf3 Rac8 17. Bxd5 Bxd5 18. Rxd5 Nb4 19. Rd2 Rfe8 20.
a3 Nc6 21. Rhd1 h6 22. b3 b5 23. Kb2 Re4 24. Be3 a5 25. Rd5 a4 26. Rxb5 axb3
27. cxb3 Ne5 28. h3 Ng6 29. Rbd5 Kh7 30. R1d4 Re6 31. a4 Rec6 32. a5 Ra6 33.
Ra4 Ne7 34. Rc5 Rca8 35. b4 Rd6 36. b5 Rad8 37. a6 Nd5 38. Rd4 Nxe3 39. fxe3
Rxd4 40. exd4 Rxd4 41. Kc3 Rd8 42. b6 Kg8 43. b7 Kf8 44. Rc8 1-0

[Event "II Open A"]
[Site "Pedavena ITA"]
[Date "2006.08.04"]
[Round "5"]
[White "De Nardi, Riccardo"]
[Black "Bagolin, Renzo"]
[Result "1-0"]
[WhiteElo "1973"]
[BlackElo "1754"]
[PlyCount "121"]
[EventDate "2006.08.01"]

1. e4 e6 2. d4 d5 3. e5 c5 4. c3 Nc6 5. Be3 Qb6 6. Qd2 Bd7 7. f4 Nge7 8. dxc5
Qc7 9. Nf3 Nf5 10. Bf2 Nd8 11. b4 b6 12. cxb6 axb6 13. Bd3 Nh6 14. h3 Be7 15.
O-O f6 16. exf6 Bxf6 17. Re1 Nhf7 18. Nd4 O-O 19. Be3 Nd6 20. Qc2 g6 21. Nd2
Rc8 22. Rac1 N8f7 23. Bxg6 hxg6 24. Qxg6+ Bg7 25. Nxe6 Bxe6 26. Qxe6 Qc6 27. f5
Nb5 28. a4 Nxc3 29. Bxb6 Qxa4 30. f6 Bh6 31. Qg4+ Kh8 32. Be3 Rg8 33. Qh5 Qd7
34. Bxh6 Nxh6 35. Qxh6+ Qh7 36. Qxh7+ Kxh7 37. Kh1 Kg6 38. Re3 d4 39. Rf3 Nd5
40. Rxc8 Rxc8 41. f7 Rf8 42. Nb3 Rxf7 43. Rxf7 Kxf7 44. Nxd4 Nxb4 45. Kh2 Kg6
46. g4 Nd5 47. Kg3 Nf6 48. h4 Nh7 49. Kf4 Nf6 50. Ne6 Kh7 51. Kf5 Nd5 52. Ng5+
Kg7 53. Nf3 Ne7+ 54. Kg5 Ng8 55. Nd4 Nf6 56. Nf5+ Kf7 57. h5 Ng8 58. Nh6+ Nxh6
59. Kxh6 Kg8 60. Kg6 Kh8 61. Kf7 1-0

[Event "II Open A"]
[Site "Pedavena ITA"]
[Date "2006.08.04"]
[Round "5"]
[White "Dussin, Davide"]
[Black "Pasquali, Andrea"]
[Result "1/2-1/2"]
[WhiteElo "1823"]
[BlackElo "1642"]
[PlyCount "102"]
[EventDate "2006.08.01"]

1. d4 Nf6 2. c4 c5 3. Nf3 g6 4. Nc3 cxd4 5. Nxd4 Bg7 6. e4 d6 7. Be2 O-O 8. O-O
a6 9. f4 e5 10. Nf3 Qb6+ 11. Kh1 Ng4 12. Qe1 Be6 13. Bd3 Nd7 14. h3 Ngf6 15.
Nd5 Bxd5 16. cxd5 Nc5 17. Qe2 exf4 18. Bxf4 Rfe8 19. Qd2 Nxd3 20. Qxd3 Nxe4 21.
Kh2 Nc5 22. Qd2 Qxb2 23. Bxd6 Qxd2 24. Nxd2 Bxa1 25. Rxa1 Ne4 26. Nxe4 Rxe4 27.
Bc7 Rc8 28. Rc1 Re7 29. d6 Rd7 30. Rb1 Rcxc7 31. dxc7 Rxc7 32. Rb6 Kf8 33. Kg3
Ke8 34. Kf4 Rc2 35. g4 Rxa2 36. Rxb7 a5 37. Kg5 h5 38. gxh5 gxh5 39. Kxh5 Ra1
40. Ra7 a4 41. Kg4 a3 42. Kg3 a2 43. Kg2 Kd8 44. h4 f5 45. h5 f4 46. h6 f3+ 47.
Kf2 Rh1 48. h7 Rxh7 49. Ra8+ Ke7 50. Kxf3 Rh3+ 51. Kg2 a1=R 1/2-1/2

[Event "II Open A"]
[Site "Pedavena ITA"]
[Date "2006.08.04"]
[Round "5"]
[White "Forato, Enrico"]
[Black "Buzzatti, Francesco"]
[Result "1-0"]
[WhiteElo "1949"]
[BlackElo "1823"]
[PlyCount "59"]
[EventDate "2006.08.01"]

1. e4 c5 2. Nf3 d6 3. d4 cxd4 4. Nxd4 g6 5. Be2 Bg7 6. Be3 Nc6 7. O-O Nf6 8.
Nc3 O-O 9. Nb3 d5 10. exd5 Nb4 11. Bf3 Qc7 12. Bc5 Na6 13. d6 Qd7 14. dxe7 Re8
15. Qxd7 Nxd7 16. Ba3 Ne5 17. Bd5 Nc6 18. Rfe1 Bf6 19. Bxc6 bxc6 20. Ne4 Be5
21. f4 f5 22. fxe5 fxe4 23. Rxe4 Bf5 24. Rc4 Rac8 25. Nd4 c5 26. Nxf5 gxf5 27.
Rf1 Rxe7 28. Rxf5 Rce8 29. Bxc5 Rxe5 30. Rg4+ 1-0

[Event "II Open A"]
[Site "Pedavena ITA"]
[Date "2006.08.04"]
[Round "5"]
[White "Forato, Sergio Paolo"]
[Black "Rezzuti, Vincenzo"]
[Result "1/2-1/2"]
[WhiteElo "1748"]
[BlackElo "2045"]
[PlyCount "93"]
[EventDate "2006.08.01"]

1. c4 e6 2. Nf3 d5 3. g3 Nf6 4. Bg2 Be7 5. O-O O-O 6. b3 c5 7. Bb2 Nc6 8. cxd5
exd5 9. d4 cxd4 10. Nxd4 Qb6 11. e3 Bg4 12. f3 Be6 13. Na3 Rac8 14. Rc1 Nb4 15.
Qe2 Nxa2 16. Rxc8 Bxc8 17. Ndb5 Nb4 18. Bd4 Bc5 19. Bxc5 Qxc5 20. Qd2 Nc6 21.
Rc1 Qe7 22. Nc2 Bf5 23. Ncd4 Nxd4 24. Nxd4 Bg6 25. Kf2 Re8 26. Bh3 h6 27. Nb5
a6 28. Nc7 Rd8 29. b4 Qd6 30. b5 axb5 31. Nxb5 Qb6 32. Nd4 Nd7 33. Qc3 Ne5 34.
Bf1 Ra8 35. Ra1 Rxa1 36. Qxa1 Qb4 37. Qa2 Nc4 38. Ne2 Qd2 39. Qxd2 Nxd2 40. Nf4
Nxf1 41. Kxf1 Kf8 42. Nxd5 Ke8 43. Ke2 f6 44. e4 Kd7 45. Ke3 Bf7 46. Nb4 Kd6
47. Kd4 1/2-1/2

[Event "II Open A"]
[Site "Pedavena ITA"]
[Date "2006.08.04"]
[Round "5"]
[White "Gaido, Paolo"]
[Black "Capraro, Fabio"]
[Result "1/2-1/2"]
[WhiteElo "2121"]
[BlackElo "1873"]
[PlyCount "53"]
[EventDate "2006.08.01"]

1. Nf3 Nf6 2. c4 c5 3. Nc3 Nc6 4. d4 cxd4 5. Nxd4 d6 6. g3 Bd7 7. Bg2 g6 8. O-O
Bg7 9. b3 Qb6 10. Nc2 O-O 11. Bb2 Ne5 12. Ne3 Bc6 13. Qd2 Bh6 14. f4 Nfg4 15.
Ncd1 Bxg2 16. Kxg2 Qc6+ 17. Kg1 Qc5 18. Qd4 Bg7 19. Nxg4 Nxg4 20. Qxc5 dxc5 21.
Bxg7 Kxg7 22. h3 Nf6 23. Nc3 Rfd8 24. Rfd1 Kf8 25. Kg2 e6 26. Kf3 Ke7 27. Ne4
1/2-1/2